| 000 | 00454nam a2200157Ia 4500 | ||
|---|---|---|---|
| 020 | _a(hb) | ||
| 082 |
_a355.0095491 _bSHA _cL-30, P-179 |
||
| 100 |
_aShaukat Riza (Maj. General) _937941 |
||
| 245 | _aThe Pakistan Army 1966-71 | ||
| 260 |
_aLahore: _bServices Book Club, _c1990 |
||
| 300 | _a240p. | ||
| 526 |
_a0 _b0 _c0 _d355_009549100000000_SHA |
||
| 650 |
_aIndia-Pakistan Conflict- 1971 _95188 |
||
| 650 |
_aPakistan. Army _937942 |
||
| 942 |
_2ddc _cBK |
||
| 999 |
_c551712 _d551712 |
||